000 00453nam a2200169Ia 4500
003 GCL
008 140319s9999 xx 000 0 eng d
040 _aGCL /
_cGCL
082 0 4 _a907.04
_bL A
100 1 _aLASSALLE, HELENE
245 1 0 _aL'ART AU XX SIECLE: DE L'APRES-GUERRE A BEAUBOURG /
_cLASSALLE, HELENE
260 _a[S.N] :
_bFLAMMARION ،
_c1991
300 _a63
650 0 4 _aARTS
650 0 4 _aالبنوك-النقود
942 _2ddc
_cBK
999 _c25263
_d25263